<?xml version="1.0" encoding="UTF-8"?>
<record
    xmlns:xsi="http://www.w3.org/2001/XMLSchema-instance"
    xsi:schemaLocation="http://www.loc.gov/MARC21/slim http://www.loc.gov/standards/marcxml/schema/MARC21slim.xsd"
    xmlns="http://www.loc.gov/MARC21/slim">

  <leader>01170cam a22002893a 4500</leader>
  <controlfield tag="001">1230</controlfield>
  <controlfield tag="005">20241217121559.0</controlfield>
  <datafield tag="020" ind1=" " ind2=" ">
    <subfield code="a">0439411378 (pbk.) :</subfield>
  </datafield>
  <datafield tag="040" ind1=" " ind2=" ">
    <subfield code="a">DAJ</subfield>
    <subfield code="c">DAJ</subfield>
    <subfield code="d">OCLCQ</subfield>
    <subfield code="d">DLC</subfield>
    <subfield code="b">eng</subfield>
  </datafield>
  <datafield tag="050" ind1="0" ind2="0">
    <subfield code="a">PZ7.G6578</subfield>
  </datafield>
  <datafield tag="082" ind1=" " ind2=" ">
    <subfield code="a">813.54</subfield>
  </datafield>
  <datafield tag="100" ind1="1" ind2=" ">
    <subfield code="a">Korman, Gordon</subfield>
  </datafield>
  <datafield tag="245" ind1="1" ind2="4">
    <subfield code="a">The summit /</subfield>
    <subfield code="c">Gordon Korman</subfield>
  </datafield>
  <datafield tag="260" ind1=" " ind2=" ">
    <subfield code="a">New York :</subfield>
    <subfield code="b">Scholastic,</subfield>
    <subfield code="c">2002</subfield>
  </datafield>
  <datafield tag="300" ind1=" " ind2=" ">
    <subfield code="a">154 pages ;</subfield>
    <subfield code="c">20 cm</subfield>
    <subfield code="b">Illustrations</subfield>
  </datafield>
  <datafield tag="490" ind1="0" ind2=" ">
    <subfield code="a">Everest ;</subfield>
    <subfield code="v">Book 03</subfield>
  </datafield>
  <datafield tag="500" ind1=" " ind2=" ">
    <subfield code="a">"An Apple paperback."</subfield>
  </datafield>
  <datafield tag="505" ind1=" " ind2=" ">
    <subfield code="a">R 
</subfield>
  </datafield>
  <datafield tag="520" ind1=" " ind2=" ">
    <subfield code="a">"Four kids are prepared to go into thin air in order to become the youngest person ever to climb Everest. But they are not prepared for the challenges that await them as they get closer to the summit. Supplies are low. Conditions are extreme. One of the kids is trying to sabotage the others. And then the storm hits ..."--P. [4] of cover.</subfield>
  </datafield>
  <datafield tag="521" ind1=" " ind2=" ">
    <subfield code="a">760 
</subfield>
    <subfield code="b">Lexile 
</subfield>
  </datafield>
  <datafield tag="521" ind1=" " ind2=" ">
    <subfield code="a">R 
</subfield>
    <subfield code="b">Raz-Plus 
</subfield>
  </datafield>
  <datafield tag="650" ind1=" " ind2="0">
    <subfield code="a">Mountaineering expeditions</subfield>
    <subfield code="z">Everest, Mount (China and Nepal)</subfield>
    <subfield code="v">Fiction.</subfield>
  </datafield>
  <datafield tag="655" ind1=" " ind2="7">
    <subfield code="a">Children's stories.</subfield>
    <subfield code="2">lcsh</subfield>
  </datafield>
  <datafield tag="655" ind1=" " ind2="7">
    <subfield code="a">Adventure fiction.</subfield>
    <subfield code="2">gsafd</subfield>
  </datafield>
  <datafield tag="906" ind1=" " ind2=" ">
    <subfield code="a">7</subfield>
    <subfield code="b">cbc</subfield>
    <subfield code="c">copycat</subfield>
    <subfield code="d">2</subfield>
    <subfield code="e">ncip</subfield>
    <subfield code="f">20</subfield>
    <subfield code="g">y-genrareb</subfield>
  </datafield>
  <datafield tag="942" ind1=" " ind2=" ">
    <subfield code="2">ddc</subfield>
    <subfield code="c">BK</subfield>
    <subfield code="n">0</subfield>
  </datafield>
  <datafield tag="999" ind1=" " ind2=" ">
    <subfield code="c">1230</subfield>
    <subfield code="d">1230</subfield>
  </datafield>
  <datafield tag="952" ind1=" " ind2=" ">
    <subfield code="0">0</subfield>
    <subfield code="1">0</subfield>
    <subfield code="2">ddc</subfield>
    <subfield code="4">0</subfield>
    <subfield code="7">0</subfield>
    <subfield code="8">JUVF</subfield>
    <subfield code="a">001</subfield>
    <subfield code="b">001</subfield>
    <subfield code="c">TTP Orange</subfield>
    <subfield code="d">2023-08-08</subfield>
    <subfield code="l">1</subfield>
    <subfield code="o">KOR 813.54 PZ7.G6578</subfield>
    <subfield code="p">FISSE00157</subfield>
    <subfield code="r">2024-03-22 13:12:01</subfield>
    <subfield code="s">2024-03-15</subfield>
    <subfield code="t">1</subfield>
    <subfield code="w">2023-08-08</subfield>
    <subfield code="y">BK</subfield>
  </datafield>
  <datafield tag="952" ind1=" " ind2=" ">
    <subfield code="0">0</subfield>
    <subfield code="1">0</subfield>
    <subfield code="2">ddc</subfield>
    <subfield code="4">0</subfield>
    <subfield code="7">0</subfield>
    <subfield code="8">JUVF</subfield>
    <subfield code="a">001</subfield>
    <subfield code="b">001</subfield>
    <subfield code="c">TTP Orange</subfield>
    <subfield code="d">2023-08-08</subfield>
    <subfield code="l">1</subfield>
    <subfield code="o">KOR 813.54 PZ7.G6578</subfield>
    <subfield code="p">FIS05473</subfield>
    <subfield code="r">2025-04-08 15:04:50</subfield>
    <subfield code="s">2024-03-15</subfield>
    <subfield code="t">2</subfield>
    <subfield code="w">2023-08-08</subfield>
    <subfield code="y">BK</subfield>
  </datafield>
  <datafield tag="952" ind1=" " ind2=" ">
    <subfield code="0">0</subfield>
    <subfield code="1">0</subfield>
    <subfield code="2">ddc</subfield>
    <subfield code="4">0</subfield>
    <subfield code="7">0</subfield>
    <subfield code="8">JUVF</subfield>
    <subfield code="a">001</subfield>
    <subfield code="b">001</subfield>
    <subfield code="c">TTP Orange</subfield>
    <subfield code="d">2024-12-17</subfield>
    <subfield code="l">0</subfield>
    <subfield code="o">KOR 813.54 PZ7.G6578</subfield>
    <subfield code="p">2024-2470</subfield>
    <subfield code="r">2024-12-17 12:15:31</subfield>
    <subfield code="t">3</subfield>
    <subfield code="w">2024-12-17</subfield>
    <subfield code="y">BK</subfield>
  </datafield>
</record>
